000 00479nam a2200181Ia 4500
008 240925s9999 xx 000 0 und d
020 _a9788189757922
082 _a621.319 GUP
100 _aGupta, J. B.
245 0 _aQuestion Bank in Electrical Engineering
250 _a4th
260 _aNew Delhi:
_bS. K. Kataria
_c,2010.
300 _axxlx,1139p.
_bN.A
_fPirated
500 _aIncludes Index
600 _aElectrical Engineering
650 _aTechnology
942 _cBK
999 _c11213
_d11213